<?xml version="1.0" encoding="UTF-8"?>
<collection xmlns="http://www.loc.gov/MARC21/slim">
<record>
  <controlfield tag="001">165383</controlfield>
  <controlfield tag="005">20260107201858.0</controlfield>
  <datafield tag="024" ind1="8" ind2=" ">
    <subfield code="2">sideral</subfield>
    <subfield code="a">147170</subfield>
  </datafield>
  <datafield tag="037" ind1=" " ind2=" ">
    <subfield code="a">ART-2025-147170</subfield>
  </datafield>
  <datafield tag="041" ind1=" " ind2=" ">
    <subfield code="a">spa</subfield>
  </datafield>
  <datafield tag="100" ind1=" " ind2=" ">
    <subfield code="a">Mérida Donoso, José Antonio</subfield>
    <subfield code="u">Universidad de Zaragoza</subfield>
    <subfield code="0">(orcid)0000-0001-7385-6772</subfield>
  </datafield>
  <datafield tag="245" ind1=" " ind2=" ">
    <subfield code="a">Literaturas de la ruralidad y literatura neorrural: cruce de caminos identitarios y aproximación crítica y didáctica a una categoría en disputa</subfield>
  </datafield>
  <datafield tag="260" ind1=" " ind2=" ">
    <subfield code="c">2025</subfield>
  </datafield>
  <datafield tag="520" ind1="3" ind2=" ">
    <subfield code="a">Este artículo propone una aproximación crítica a la denominada literatura neorrural, entendida no como un género consolidado, sino como una categoría operativa y en disputa dentro de las literaturas de la ruralidad. Se examinan las formas en que lo rural se representa, resignifica y transforma en el marco de las nuevas ruralidades, considerando tanto la reactualización de las migraciones como la problemática de la España despoblada. Se advierte, además, cómo la instrumentalización editorial del término ha favorecido su difusión, pero también su indefinición, lo que obliga a replantear su alcance y utilidad. El objetivo no es zanjar su definición, sino proponer un marco que identifique tensiones, identidades e intenciones narrativas. A partir del análisis de diversas obras y enfoques teóricos, se subraya su potencial como dispositivo simbólico, herramienta cultural y recurso didáctico, destacando sus conexiones transnacionales y su valor en la construcción de imaginarios contemporáneos.</subfield>
  </datafield>
  <datafield tag="506" ind1="0" ind2=" ">
    <subfield code="a">Access copy available to the general public</subfield>
    <subfield code="f">Unrestricted</subfield>
  </datafield>
  <datafield tag="540" ind1=" " ind2=" ">
    <subfield code="9">info:eu-repo/semantics/openAccess</subfield>
    <subfield code="a">by-nc</subfield>
    <subfield code="u">https://creativecommons.org/licenses/by-nc/4.0/deed.es</subfield>
  </datafield>
  <datafield tag="655" ind1=" " ind2="4">
    <subfield code="a">info:eu-repo/semantics/article</subfield>
    <subfield code="v">info:eu-repo/semantics/publishedVersion</subfield>
  </datafield>
  <datafield tag="710" ind1="2" ind2=" ">
    <subfield code="1">4013</subfield>
    <subfield code="2">210</subfield>
    <subfield code="a">Universidad de Zaragoza</subfield>
    <subfield code="b">Dpto. Didácticas Específicas</subfield>
    <subfield code="c">Área Didáctica Ciencias Socia.</subfield>
  </datafield>
  <datafield tag="773" ind1=" " ind2=" ">
    <subfield code="g">11 (2025), 113-135</subfield>
    <subfield code="p">Dirasat Hisp. rev tunec. estud. hisp.</subfield>
    <subfield code="t">DIRASAT HISPANICAS-REVISTA TUNECINA DE ESTUDIOS HISPANICOS</subfield>
    <subfield code="x">2286-5977</subfield>
  </datafield>
  <datafield tag="856" ind1="4" ind2=" ">
    <subfield code="s">835194</subfield>
    <subfield code="u">http://zaguan.unizar.es/record/165383/files/texto_completo.pdf</subfield>
    <subfield code="y">Versión publicada</subfield>
  </datafield>
  <datafield tag="856" ind1="4" ind2=" ">
    <subfield code="s">2044392</subfield>
    <subfield code="u">http://zaguan.unizar.es/record/165383/files/texto_completo.jpg?subformat=icon</subfield>
    <subfield code="x">icon</subfield>
    <subfield code="y">Versión publicada</subfield>
  </datafield>
  <datafield tag="909" ind1="C" ind2="O">
    <subfield code="o">oai:zaguan.unizar.es:165383</subfield>
    <subfield code="p">articulos</subfield>
    <subfield code="p">driver</subfield>
  </datafield>
  <datafield tag="951" ind1=" " ind2=" ">
    <subfield code="a">2026-01-07-18:53:34</subfield>
  </datafield>
  <datafield tag="980" ind1=" " ind2=" ">
    <subfield code="a">ARTICLE</subfield>
  </datafield>
</record>
</collection>